01699nam a2200229 a 450000100060000000300090000600800410001504000280005608200160008410000450010024500570014526000400020230000080024250508320025059001130108265000320119565000340122765000280126194200120128999900170130195201510131822620CO-ViMGA141112s2004 ck r 000 u spa d aCO-ViMGAbspacCO-ViMGA04a614.4 A734e1 aArdila, Enrique; Sanchez, Ricardo93218310aEstrategias de investigación en medicina clÍnica aBogotá : bManual moderno, c2001 a288 aMetodo cientifico, epidemologia clinica desarrollo historico, Informacion clinica, nociones de bioestadistica, manejo de datos, analisis de datos mediante herramientas graficas, reporte de casos y serie de casos 1 - 76 - - Diseño de Investigación clinica : los estudios transversales, estudios de casos y controles, estudio de cohortes, estudios de intervenciones, fases del desarrollo de un nuevo farmaco, pruebas diagnosticas y proceso diagnostico, meta - analisis de experimentos clinicos 73 - 176 - - Consensos, guias y protocolos, la colaboracion cochrane en iberoAmérica, medicina basada en la evidencia, analisis de decisiones, como escribir y publicar en medicina, evidencia epidemologica, calidad de vida, aspectos eticos en la Investigación clinica, la administracion en la Investigación clinica 181 - 284  aForma de adquisición : Compra - - Precio : 60.000 - - Proveedor : Dismet - - Fecha de adquisición : 200814aEPIDEMOLOGIA CLINICA93218414aInvestigación MEDICA93218514aMEDICINA CLINICA948832 2ddccBK c30921d30921 00102ddc40708002aMEVIECARbMEVIECARd2015-12-04hVolumen. 1 | 11/jun/2009l0o614.4 A734e p22620r2015-12-04 00:00:00tEj. 1w2015-12-04yBK